Recent advances in marine biotechnology

Đã lưu trong:
Bibliografiske detaljer
Hovedforfatter: Recent advances in marine biotechnology
Format: Bog
Sprog:Undetermined
Udgivet: Enfield, New Hampshire Science 2000
Fag:
Tags: Tilføj Tag
Ingen Tags, Vær først til at tagge denne postø!
Thư viện lưu trữ: Trung tâm Học liệu Trường Đại học Cần Thơ
LEADER 00583nam a2200169Ia 4500
001 CTU_48953
008 210402s9999 xx 000 0 und d
082 |a 578.77 
082 |b R294/Vol.5 
100 |a Recent advances in marine biotechnology 
245 0 |a Recent advances in marine biotechnology 
245 0 |c Recent advances in marine biotechnology, Rachakonda Nagabhushanam, MILTON FINGERMAN 
260 |a Enfield, New Hampshire 
260 |b Science 
260 |c 2000 
650 |a aquatic ecology,marine biotechnology 
980 |a Trung tâm Học liệu Trường Đại học Cần Thơ